TTPD (the anthology) - Statistiques

Statistiques générales
  • Ce quiz a été pris 67 fois
  • Le résultat moyen est 26 sur 31
Statistiques - réponses
Réponse % Correct
Fortnight
95%
I Can Do It With A Broken Heart
95%
Peter
95%
Down Bad
93%
thanK you aIMee
93%
The Tortured Poets Department
93%
The Bolter
90%
The smallest man Who Ever lived
90%
Guilty as sin?
88%
loml
88%
The Black Dog
88%
Who's afraid of little old me
88%
Cassandra
85%
Robin
85%
The Manuscript
85%
The prophecy
85%
So High School
83%
So Long, London
83%
The Alchemy
83%
But Daddy I Love Him
80%
Clara Bow
80%
Chloe or Sam Or Sophia or Marcus
78%
How Did It End?
78%
I Look in People's Windows
78%
My Boy Only Breaks His Favorite Toys
78%
Florida!!!
75%
I Can Fix Him(No Really I Can)
75%
The Albatross
75%
Fresh Out The Slammer
70%
I Hate It Here
70%
imgonnagetyouback
65%
Aucun quiz correspondant
Distribution des résultats
% des personnes avec chaque résultat
Percentile par nombre de réponses
Votre historique - résultats
Vous n’avez pas pris ce quiz